00676 2200253 4500001002100000005001700021008004100038020001800079035002400097082001400121090002100135100001900156245005400175250001100229260003500240300003100275500003100306650002400337700001200361850001500373980001300388985000600401999001500407YOGYA-0209000001142220090227022127.0 ind  a979-539-004-X 0010-020900000011422 a338.17372 a338.17372bSet T aSETIAWATI, Ita aTehbKajian Sosial EkonomicIta Setiawati Nasikum aCet. 1 aYogyakartabAditya Mediac1991 axxiv, 209 hlmbilusc21 cm aBibliografi : hlm. 189-193 aTeh - Aspek Ekonomi aNASIKUN aYOPDYOG(B) a23-09-05 a1 a99P0000158